1636 1790 1938 1501 1422 1315 1798 1782 1037 1418 1011 1050 1581 1722 1581 1867 1905 1189 1652 1805 1850 1380 1814 1242 1040 1597 1755 1153 1023 1438 2000 1821 1961 1746 1700 1687 1672 1197 1228 1337 1100 1321 1581 1190 1349 1208 1933 1252 1038 1506 1550 1287 1259 1707 1924 1757 1978 1879 1552 1162 1697 1250 1399 1523 1501 1175 1222 1272 1948 1971 1022 1895 1805 1558 1842 1258 1091 1168 1010 1929 1721 1562 1567 1426 1814 1386 1122 1837 1054 1284 1115 1435 1051 1698 1294 1574 1731 1960 1970 BCNSPRNW ULIB Ver.6.0+V

เปลี่ยนเป็นภาษาไทย

Change to English
 แสดงรายละเอียดบรรณานุกรม
  กลับหน้าหลัก

Brief Record : Get Marc (ISO 2709) : E-mail record : QR code < ปิดหน้าต่าง
LEADER : 00000nam 2200000uu 4500
001    13399127182
003     ULIB
008    191021s2562||||th 000 0 tha d
020 ^- ^a9786167582962
050 ^- ^aนว.^bต278ร
100 ^- ^aติกาหลัง.
245 10 ^aรักสุดท้ายของซุป ตาร์ (เฒ่า) /^cติกาหลัง.
250 ^- ^aพิมพ์ครั้งที่ 1.
260 ^- ^aกรุงเทพฯ :^bแสนรัก,^c2562
300 ^- ^a272 หน้า.
945    ^p265^l0^i27874
999    ^aกัณชพร จุลอักษร
รายการนี้ยังไม่มีแท็ก
คุณยังไม่ได้ล็อกอิน คุณสามารถมีกิจกรรมร่วมกับเว็บไซต์ได้ แต่ต้องล็อกอินก่อน ::
  ล็อกอิน

รายการสื่อสารสนเทศ

ลำดับที่ ประเภท เลขเรียก/บาร์โค้ด สถานที่ สถานะ
1. วิทยาศาสตร์การแพทย์ และสุขภาพ
วิทยาศาสตร์การแพทย์ และสุขภาพ
นว. ต278ร ฉ.1 
  Barcode: 27874
ห้องสมุดวิทยาเขตนครสวรรค์
►นวนิยาย:l:Fiction
บนชั้น

รายการใกล้เคียง
    ผู้แต่ง [ติกาหลัง.]

BibComment


ยังไม่เคยถูกคอมเมนท์

คอมเมนท์ทรัพยากรรายการนี้
  คอมเมนท์: รักสุดท้ายของซุป..


 Copyright 2026. Bcnsprnw @Library